| 000 | 01371nam a2200349 a 4500 | ||
|---|---|---|---|
| 001 | ebr10234866 | ||
| 003 | CaPaEBR | ||
| 006 | m u | ||
| 007 | cr cn||||||||| | ||
| 008 | 070111s2006 ne a sb 001 0 eng d | ||
| 010 | _z 2007270923 | ||
| 020 | _z9004152687 | ||
| 020 | _z9789004152687 | ||
| 020 | _z9789047410416 | ||
| 040 |
_aCaPaEBR _cCaPaEBR |
||
| 035 | _a(OCoLC)568194070 | ||
| 050 | 1 | 4 |
_aQP601 _b.F78 2006eb |
| 082 | 0 | 4 |
_a572/.49 _222 |
| 100 | 1 |
_aFruton, Joseph S. _q(Joseph Stewart), _d1912-2007. |
|
| 245 | 1 | 0 |
_aFermentation _h[electronic resource] : _bvital or chemical process? / _cby Joseph S. Fruton. |
| 260 |
_aLeiden ; _aBoston : _bBrill, _c2006. |
||
| 300 |
_axv, 141 p. : _bill. |
||
| 490 | 1 |
_aHistory of science and medicine library, _x1872-0684 ; _vv. 1 |
|
| 504 | _aIncludes bibliographical references (p. [117]-133) and index. | ||
| 533 |
_aElectronic reproduction. _bPalo Alto, Calif. : _cebrary, _d2013. _nAvailable via World Wide Web. _nAccess may be limited to ebrary affiliated libraries. |
||
| 650 | 0 |
_aFermentation _xHistory. |
|
| 650 | 0 | _aBiochemistry. | |
| 655 | 7 |
_aElectronic books. _2local |
|
| 710 | 2 | _aebrary, Inc. | |
| 830 | 0 |
_aHistory of science and medicine library ; _vv. 1. |
|
| 856 | 4 | 0 |
_uhttp://site.ebrary.com/lib/rucke/Doc?id=10234866 _zAn electronic book accessible through the World Wide Web; click to view |
| 999 |
_c38365 _d38365 |
||